000 01529nam a2200469 i 4500
001 18236
003 KOSZ 005
005 20200219110930.0
008 020826s1977 pl a f |000 0 pol
015 _aPB 1977/10200
035 _a991019279839705066
035 _a(PL-WaBN)b15222275-48omnis_nlop
035 _ab15222275
035 _a(OCoLC)749849986
035 _a(PL)b0000001522227
035 _a(EXLNZ-48OMNIS_NETWORK)9910025496105606
040 _aWA N
_cWA N
_dKOSZ 005/EG
041 0 _apol
080 _a006.91
080 _a(438)
245 1 0 _aSI - legalne jednostki miar :
_bpodstawowe przepisy prawne i komentarz /
_cDanuta Kałuszko i Jerzy Wojciech Szamotulski.
260 _aWarszawa :
_bWydawnictwa Normalizacyjne,
_c1977.
300 _a72 s. :
_btab. ;
_c30 cm.
336 _2rdacontent
_aTekst
_btxt
337 _2rdamedia
_aBez urządzenia pośredniczącego
_bn
338 _2rdacarrier
_aWolumin
_bnc
380 _aKsiążki
388 _a1901-2000
388 _a1945-1989
650 7 _aFizyka
_2DBN
650 7 _aPomiary
650 7 _aPrawo
650 7 _aJednostki miar
_2DBN
651 7 _aPolska
658 _aFizyka i astronomia
700 1 _aKałuszko, Danuta
_eAutor
700 1 _aSzamotulski, Jerzy Wojciech
_eAutor
710 2 _aWydawnictwa Normalizacyjne
856 _uhttp://koha.tu.koszalin.pl/cgi-bin/koha/opac-detail.pl?biblionumber=18236
_yKatalog online BPK
942 _2UKD
_cKS
999 _c18236
_d18236